Informe general sobre la actividad de las Comunidades Europeas / (Record no. 46337)

MARC details
000 -LEADER
campo de control de longitud fija 00613nam a2200181 i 4500
001 - NÚMERO DE CONTROL
campo de control 46337
003 - IDENTIFICADOR DE NÚMERO DE CONTROL
campo de control ES-MaACL
005 - FECHA Y HORA DE LA ÚLTIMA TRANSACCIÓN
campo de control 20230906161350.0
007 - CAMPO FIJO DE DESCRIPCIÓN FÍSICA--INFORMACIÓN GENERAL
campo de control de longitud fija t|
008 - DATOS DE LONGITUD FIJA--INFORMACIÓN GENERAL
campo de control de longitud fija 030328s1986 lu ||||1| spa d
020 ## - NÚMERO INTERNACIONAL ESTÁNDAR DEL LIBRO
Número Internacional Estándar del Libro 84-825-5784-7
110 2# - ENTRADA PRINCIPAL--NOMBRE DE ENTIDAD CORPORATIVA
Nombre de entidad corporativa o nombre de jurisdicción como elemento de entrada Comisión Europea.
9 (RLIN) 3143
245 10 - MENCIÓN DEL TÍTULO
Título Informe general sobre la actividad de las Comunidades Europeas /
Mención de responsabilidad, etc. Comisión de las Comunidades Europeas.
260 ## - PUBLICACIÓN, DISTRIBUCIÓN, ETC.
Lugar de publicación, distribución, etc. Bruselas ;
-- Luxemburgo :
Nombre del editor, distribuidor, etc. Oficina de Publicaciones de las Comunidades Europeas,
Fecha de publicación, distribución, etc. 1986.
300 ## - DESCRIPCIÓN FÍSICA
Extensión 418 p. ;
Dimensiones 23 cm.
505 8# - NOTA DE CONTENIDO CON FORMATO
Nota de contenido con formato Contiene: 19º Informe, 1985
852 ## - LOCALIZACIÓN
Ubicación ES-MaACL
Número de control de estantería L-10464
Sublocalización o colección R.112185
Holdings
Estatus retirado Estado de pérdida Estado de daño No para préstamo Biblioteca de origen Biblioteca actual Ubicación en estantería Fecha de adquisición Fuente de adquisición Total de préstamos Signatura topográfica completa Código de barras Visto por última vez Precio de reemplazo Tipo de ítem Koha
        Biblioteca del Ateneo de Madrid Biblioteca del Ateneo de Madrid Depósito 2 17/01/2008     L-10464 1048735 23/02/2023 23/02/2023 Libro impreso